| 000 | 00731nam a2200229 a 4500 | ||
|---|---|---|---|
| 005 | 20140311161033.0 | ||
| 008 | 100223s19uu xx 00 eng d | ||
| 020 | _a9789812725400 | ||
| 050 |
_aRC 112 _b.K93 2009 |
||
| 100 | _aKwan Gett, Tao Sheng Clifford | ||
| 245 |
_aInfectious and tropical diseases : _ba handbook for primary care / _cTao Sheng Clifford Kwan-Gett, Charles Kemp, Kovarik, Carrie. |
||
| 260 |
_aSingapore : _bElsevier, _c2009. |
||
| 300 |
_a814 p. : _c19 cm. |
||
| 521 | _aNUR | ||
| 650 |
_aCommunicable Diseases _xHandbooks, manuals, etc. |
||
| 650 | _aBacterial infections. | ||
| 700 | _aKemp, Charles | ||
| 700 | _aKovarik, Carrie | ||
| 942 |
_cBK _2lcc _kFOR |
||
| 999 |
_c23889 _d23889 |
||